|
|
|
|
| LEADER |
00000nab a2200000 i 4500 |
| 001 |
ELB8352 |
| 003 |
FINmELB |
| 005 |
20230622121057.0 |
| 006 |
m o u |
| 007 |
cr cn||||||||| |
| 008 |
230524c20029999mx fr p o 0 0spa d |
| 022 |
|
|
|a 0188-7742
|
| 035 |
|
|
|a (OCoLC)1385417476
|
| 040 |
|
|
|a FINmELB
|b spa
|e rda
|c FINmELB
|
| 050 |
|
4 |
|a F1236
|b .Z666 2002
|
| 080 |
|
|
|a 32(045)
|
| 082 |
0 |
4 |
|a 972.06305
|2 23
|
| 100 |
1 |
|
|a Zomosa Signoret, Andrea Christianne,
|e autor.
|
| 245 |
1 |
0 |
|a Derecho internacional y política exterior :
|b una aproximación a la realidad /
|c Andrea Christianne Zomosa Signoret.
|
| 264 |
|
1 |
|a Ciudad de México :
|b Universidad Autónoma Metropolitana, Unidad Xochimilco, División de Ciencias Sociales y Humanidades, Departamento de Política y Cultura,
|c 2002.
|
| 310 |
|
|
|a Semestral
|
| 336 |
|
|
|a texto
|b txt
|2 rdacontent/spa
|
| 337 |
|
|
|a computadora
|b c
|2 rdamedia/spa
|
| 338 |
|
|
|a recurso en línea
|b cr
|2 rdacarrier/spa
|
| 520 |
|
|
|a Este artículo presenta un análisis teórico general sobre la relación entre derecho internacional y política exterior, con el objeto de dilucidar la vigencia y aplicación del primero en las relaciones internacionales. Así, se propone que los estados, en la mayoría de los casos, respetan las normas que, con el paso del tiempo y de forma codificada o consuetudinaria, han ido constituyendo en cuerpo de pensamiento jurídico para regular el comportamiento de la mayoría de las naciones. A partir de una perspectiva de los tomadores de decisiones se presentan, además, las razones por las que los estados podrían decidir respetar o violar estas reglas.
|
| 588 |
|
|
|a Descripción basada en metadatos suministrados por el editor y otras fuentes.
|
| 588 |
|
|
|a Descripción basada en Política y cultura, n. 18 (otoño 2002), P. 179-193.
|
| 590 |
|
|
|a Recurso electrónico. Santa Fe, Arg.: elibro, 2023. Disponible vía World Wide Web. El acceso puede estar limitado para las bibliotecas afiliadas a elibro.
|
| 650 |
|
4 |
|a Derecho internacional.
|
| 650 |
|
4 |
|a Hegemonía económica.
|
| 650 |
|
4 |
|a Normas internacionales.
|
| 650 |
|
4 |
|a Normatividad.
|
| 650 |
|
4 |
|a Pensamiento jurídico.
|
| 650 |
|
4 |
|a Política exterior.
|
| 650 |
|
4 |
|a Política internacional.
|
| 655 |
|
4 |
|a Libros electrónicos.
|
| 773 |
0 |
|
|t Política y cultura.
|x ISSN0188-7742
|d Ciudad de México : Universidad Autónoma Metropolitana, Unidad Xochimilco, División de Ciencias Sociales y Humanidades, Departamento de Política y Cultura.
|g n. 18 (otoño 2002), p. 179-193
|
| 797 |
2 |
|
|a elibro, Corp.
|
| 856 |
4 |
0 |
|u https://elibro.uam.elogim.com/ereader/bidiuam/8352
|z Texto completo
|